000 00448nam a22001457a 4500
005 20260129092725.0
008 251215b |||||||| |||| 00| 0 eng d
020 _a9780063204829
082 _aDFic K679 2021
100 _aKleypas, Lisa.
_969446
245 _aIt happened one autumn :
_bthe wallflowers, book 2 /
_cLisa Kleypas.
260 _aNew York :
_bAvon Books,
_c©2021.
300 _a394 pages :
_billustrations ;
_c17 cm.
942 _2ddc
_cDFIC
999 _c24238
_d24238